| 000 | 00369nam a2200157Ia 4500 | ||
|---|---|---|---|
| 999 |
_c9805 _d9805 |
||
| 003 | OSt | ||
| 005 | 20220303125552.0 | ||
| 008 | 220112s9999||||xx |||||||||||||| ||und|| | ||
| 020 | _a9789812455482 | ||
| 082 |
_222 _a741.6 _bGUI |
||
| 100 | _a Xu, Guiying | ||
| 245 | 0 | _aDesigners league | |
| 260 |
_aSingapore _bPage One Pub _c2007 |
||
| 700 | _aXu, Guiying | ||
| 942 | _2ddc | ||